000 00483nam a2200181Ia 4500
005 20250326124240.0
008 250326s9999 xx 000 0 und d
037 _aTextbook
040 _aFMSL
_beng
_cFMSL
041 _aeng
_2eng
084 _aX:512 J7;1
_qFMSL
100 _aLeterman E G
_9737089
245 0 _anew art of selling
_cLeterman E G
260 _aNY
_bNY, Harper & Row
_c1957
300 _a280p
942 _cTB
_hX:512 J7;1
999 _c1272935
_d1272935